书目信息 |
| 书名: | The study of language = | |
| 作者: | George Yule著 ; 戴曼纯, 何兆熊导读. | |
| 分册号: | ||
| 分册名: | 出版地: | 北京 : |
|
| 出版社: | 外语教学与研究出版社 | |
| 出版时间: | 2000. | |
| 页数: | 37, 299 p. : | |
| 开本: | 23 cm. | |
| 丛书名: | 当代国外语言学与应用语言学文库 | |
| 中图分类号: | ||
| 科图分类号: | ||
| 其他分类号: | H0 | |
| 主题词: | ||
| 电子资源: | ||
| 000 | 01332cam a2200481 a 45 | |
| 001 | E0733361567 | |
| 003 | CAL | |
| 005 | 20070819091858.10 | |
| 008 | 950929r20001996cc a b 001 0 eng d | |
| 020 | @a7560019536 :@cCNY28.90. | |
| 040 | @aECNU@cSCT@dDUTL | |
| 050 | 4 | @aP106@b.Y85 1996 |
| 082 | 04 | @a410@220 |
| 090 | @aH0 | |
| 093 | @aH0@24 | |
| 094 | @a41@23 | |
| 099 | @dH0@ex150=2 | |
| 100 | 1 | @aYule, George,@d1947- |
| 245 | 14 | @aThe study of language = :@b语言研究 / @cGeorge Yule著 ; 戴曼纯, 何兆熊导读. |
| 246 | 31 | @a语言研究 |
| 250 | @a2nd ed. | |
| 260 | @a北京 :@b外语教学与研究出版社 :@b剑桥大学出版社,@c2000. | |
| 300 | @a37, 299 p. :@bill. ;@c23 cm. | |
| 440 | 0 | @a当代国外语言学与应用语言学文库 |
| 504 | @aIncludes bibliographical references (p. 261-285) and index. | |
| 534 | @pReprint. Originally published :@cCambridge : Cambridge University Press, 1996. | |
| 650 | 0 | @aLinguistics. |
| 650 | 0 | @aLanguage and languages. |
| 920 | @a244050@z2 | |
| 920 | @a237010@z1 | |
| 920 | @a211050@z2 | |
| 920 | @a211060@z2 | |
| 920 | @a242020@z2 | |
| 920 | @a211410@z1 | |
| 920 | @a246010@z1 | |
| 920 | @a211020@z1 | |
| 920 | @a221020@z1 | |
| 920 | @a237020@z1 | |
| 920 | @a242010@z1 | |
| 920 | @a261020@z1 | |
| 920 | @a211260@z1 | |
| 920 | @a211162@z1 | |
| 998 | @aSCT | |
| The study of language = : : 语言研究 / / George Yule著 ; 戴曼纯, 何兆熊导读.-2nd ed.-北京 : : 外语教学与研究出版社 : : 剑桥大学出版社, , 2000. |
| 37, 299 p. : : ill. ; ; 23 cm.- (当代国外语言学与应用语言学文库) |
| Includes bibliographical references (p. 261-285) and index. |
| ISBN 7560019536 :CNY28.90. |
| ● |
| 相关链接 |
|
|
|
|
正题名:study of language =
索取号:H0/x150=2
 
预约/预借
| 序号 | 登录号 | 条形码 | 馆藏地/架位号 | 状态 | 备注 |
| 1 | 0016878 | 300168789 | 第二样本阅览室/ [索取号:H0/x150=2] | 在馆 | |
| 2 | 0016879 | 300168798 | 第四借阅区/ [索取号:H0/x150=2] | 在馆 | |
| 3 | 0016880 | 300168805 | 第四借阅区/ [索取号:H0/x150=2] | 在馆 | |
| 4 | 0016881 | 300168814 | 第四借阅区/ [索取号:H0/x150=2] | 在馆 | |
| 5 | 0016882 | 300168823 | 第四借阅区/ [索取号:H0/x150=2] | 在馆 |